00322 a2200145 450000100060000002000150000604000260002110000210004724000270006824500220009530000070011736200090012444000120013365000310014549756 a8516035433 cAnchieta - Bela Vista aCarrasco, Walcyr10aO menino narigudolpor10aO menino narigudo a800 a2003 1aModerna 4aLiteratura infanto-juvenil